L'azzurra lontananza : il viaggio e il nirvana /

Uloženo v:
Podrobná bibliografie
Hlavní autor: Hesse, Hermann (Autor)
Médium: Kniha
Jazyk:italština
Vydáno: Milano : SugarCo, 1991
Edice:Tasco ; 34
Tagy: Přidat tag
Žádné tagy, Buďte první, kdo vytvoří štítek k tomuto záznamu!

MARC

LEADER 00000nam a22000007i 4500
001 IT\ICCU\CFI\0182810
003 ItRI
005 20260115231920.0
008 920510s1991 it |||||| ||||| |||||c
020 |a 8871980476 
040 |b ita  |c importazione bologna sebina 
041 7 |a ita  |2 ISO-639-2 
100 1 |a Hesse, Hermann  |0 IT\ICCU\CFIV\001444  |4 aut 
240 1 0 |a Spaziergänger. -  |3 IT\ICCU\CFI\0182811  |9 Hesse, Hermann 
245 1 2 |a L'azzurra lontananza :  |b il viaggio e il nirvana /  |c Hermann Hesse. 
260 |a Milano :  |b SugarCo,  |c 1991 
300 |a 158 p. ;  |c 20 cm 
500 |a Trad. di Luisa Coeta. 
830 0 |a Tasco ;  |v 34  |0 IT\ICCU\CFI\0000467 
942 |2 ddc  |c BK  |n 0 
952 |0 0  |1 0  |4 0  |6 DOC_833_912000000000000_HES  |7 0  |9 16368  |a BO  |b BO  |d 2026-01-15  |i 9130  |l 0  |o DOC 833.912 HES  |p BO9130  |r 2026-01-15 23:19:20  |w 2026-01-15  |x [Sebina 5] [1 v.]  |y BK  |z 1 v. 
999 |c 14043  |d 14043